000 00253nam a22000977a 4500
008 230714b |||||||| |||| 00| 0 eng d
020 _a9781974710034
100 _aAkutami Gege
_97692
245 _aJujutsu Kaisen-2
260 _aSan Francisco
_bViz Media
_c2022
999 _c12365
_d12365